[Event "FRA-ch U14 Girls"]
[Site "Agen"]
[Date "2022.04.18"]
[Round "3"]
[White "Norovsambuu, Emma"]
[Black "Grisoni, Emma"]
[Result "1-0"]
[WhiteElo "1365"]
[BlackElo "1446"]
[PlyCount "178"]
[EventDate "2022.04.16"]
[EventType "swiss"]
[EventRounds "9"]
[EventCountry "FRA"]
[SourceTitle "EXT 2023"]
[Source "ChessBase"]
[SourceDate "2022.10.05"]
[SourceVersion "1"]
[SourceVersionDate "2022.10.05"]
[SourceQuality "1"]

1. d4 d5 2. c4 e6 3. g3 Nf6 4. Bg2 Be7 5. Nf3 0-0 6. 0-0 b6 7. Nc3 Bb7 8. Re1 Nbd7 9. Ne5 h6 10. Bf4 c5 11. cxd5 cxd4 12. Qxd4 Bc5 13. Qd1 Nxe5 14. Bxe5 Nxd5 15. Nxd5 Bxd5 16. Bxd5 exd5 17. Qd3 Re8 18. Bd4 Re4 19. Bc3 Qe7 20. b4 Bxb4 21. Bxb4 Rxb4 22. Qxd5 Rd8 23. Qf3 Rb2 24. a4 Rdd2 25. Kf1 Qd7 26. Qa8+ Kh7 27. Qe4+ g6 28. Qf3 Ra2 29. Qb3 Rdb2 30. Qc4 Rc2 31. Qb3 Rab2 32. Qf3 Kg7 33. Qe3 Qd5 34. Kg1 Ra2 35. Rad1 Qf5 36. Qd4+ Kh7 37. Qd7 Rxe2 38. Rxe2 Rxe2 39. Qxf5 gxf5 40. Rd7 a5 41. Rxf7+ Kg6 42. Rb7 Rb2 43. Rd7 Kg5 44. h4+ Kg4 45. Kg2 Kh5 46. Rd6 f4 47. gxf4 Kxh4 48. Rxh6+ Kg4 49. Rf6 Rb4 50. f3+ Kh5 51. Kg3 Rxa4 52. Rxb6 Ra1 53. Rb5+ Kg6 54. f5+ Kf6 55. Kg4 a4 56. Rb6+ Kf7 57. Kg5 Rg1+ 58. Kf4 a3 59. Ra6 Ra1 60. Rb6 Ra2 61. Ke5 Re2+ 62. Kd4 Rf2 63. Ke3 Rb2 64. Ra6 Ra2 65. f6 Ra1 66. Ke4 a2 67. Kf4 Rb1 68. Rxa2 Kxf6 69. Ra6+ Kf7 70. Kg5 Rg1+ 71. Kf5 Rb1 72. Ra7+ Kf8 73. f4 Rf1 74. Kg5 Rg1+ 75. Kf6 Ke8 76. f5 Rg2 77. Ra8+ Kd7 78. Kf7 Rf2 79. f6 Rg2 80. Rg8 Rf2 81. Rg6 Rf3 82. Kg8 Ke8 83. Kg7 Rf5 84. Rg3 Rf4 85. Re3+ Kd8 86. f7 Rg4+ 87. Kf6 Rf4+ 88. Kg6 Kd7 89. Re8 Rf1 1-0

[Event "Trophee Roza Lallemand Online"]
[Site "Tornelo INT"]
[Date "2020.12.13"]
[Round "4"]
[White "Grisoni, Emma"]
[Black "Vette, Valerie"]
[Result "0-1"]
[WhiteElo "1314"]
[BlackElo "1703"]
[PlyCount "64"]
[EventDate "2020.12.13"]
[EventType "swiss (rapid)"]
[EventRounds "9"]
[EventCountry "USA"]
[SourceTitle "EXT 2022"]
[Source "ChessBase"]
[SourceDate "2021.10.06"]
[SourceVersion "1"]
[SourceVersionDate "2021.10.06"]
[SourceQuality "1"]

1. e4 c6 2. d4 d5 3. exd5 cxd5 4. c4 Nf6 5. Nc3 e6 6. Nf3 Be7 7. Be2 0-0 8. 0-0 b6 9. Be3 dxc4 10. Bxc4 Bb7 11. Qe2 Nc6 12. Rfd1 a6 13. Ne5 Na5 14. Bd3 b5 15. Bg5 Rc8 16. Bxf6 Bxf6 17. Be4 g6 18. Bxb7 Nxb7 19. Qe4 Nd6 20. Qf3 Bg7 21. Ne4 Nf5 22. Qd3 Qd5 23. f4 Rc7 24. g4 Nd6 25. Nxd6 Qxd6 26. Rac1 Rxc1 27. Rxc1 Rd8 28. Rd1 Qd5 29. b3 g5 30. Qe3 gxf4 31. Qxf4 Bxe5 32. Qg5+ Bg7 0-1

[Event "Trophee Roza Lallemand Online"]
[Site "Tornelo INT"]
[Date "2020.12.13"]
[Round "5"]
[White "Samy, Valerie"]
[Black "Grisoni, Emma"]
[Result "1/2-1/2"]
[WhiteElo "1530"]
[BlackElo "1314"]
[PlyCount "92"]
[EventDate "2020.12.13"]
[EventType "swiss (rapid)"]
[EventRounds "9"]
[EventCountry "USA"]
[SourceTitle "EXT 2022"]
[Source "ChessBase"]
[SourceDate "2021.10.06"]
[SourceVersion "1"]
[SourceVersionDate "2021.10.06"]
[SourceQuality "1"]

1. e4 c5 2. f4 Nc6 3. Nf3 d6 4. c3 g6 5. Bb5 Bg7 6. 0-0 Nf6 7. d3 0-0 8. Kh1 Bd7 9. Be3 a6 10. Ba4 b5 11. Bc2 Qc7 12. Nbd2 Ng4 13. Bg1 Nf6 14. Rc1 a5 15. Bb1 b4 16. cxb4 axb4 17. d4 cxd4 18. Nxd4 Qb7 19. N2b3 Nxd4 20. Bxd4 Nxe4 21. Bxg7 Kxg7 22. Qd4+ Nf6 23. Rfe1 Bc6 24. Rg1 Kg8 25. f5 Rfc8 26. fxg6 hxg6 27. Rce1 Bd5 28. h3 Rc4 29. Qe3 Be4 30. Nd4 e5 31. Bxe4 Nxe4 32. Qxe4 Qxe4 33. Rxe4 Rxd4 34. Rxd4 exd4 35. Rd1 Rxa2 36. Rxd4 Rxb2 37. Rxd6 Rb1+ 38. Kh2 b3 39. Kg3 b2 40. Rb6 Kg7 41. Kg4 Kh6 42. h4 Kg7 43. Rb7 Kf6 44. Rb6+ Kg7 45. Kg3 Kh6 46. Kg4 Kg7 1/2-1/2